Tisseo Linéo 2 ( Toulouse ) - Statistiques

Statistiques générales
  • Ce quiz a été pris 14 fois
  • Le résultat moyen est 29 sur 36
Statistiques - réponses
Commune Correspondences Arret % Correct
Toulouse TER, A, T1, L3, L14, 18, 34, 67 Arènes
100%
Toulouse T1, 45 Cartoucherie
100%
Colomiers TER, 21, 25, 32, 55, 75, 150, 151, 170, 171 Colomiers Gare SNCF
100%
Colomiers 150, 151 Colomiers Lycée International
100%
Toulouse Grande-Bretagne
100%
Toulouse T1, L3, 67 Hippodrome
100%
Toulouse L3, 67 Brombach
90%
Colomiers 150, 151 Gers
90%
Toulouse 45, 63 Hôpital Purpan
90%
Colomiers 21, 25, 75, 150, 151 Médiathèque Pavillon Blanc
90%
Colomiers Monturon
90%
Toulouse L3 Négogousses
90%
Colomiers 14eme Régiment d'infanterie
80%
Toulouse 63 Bertier
80%
Colomiers 25, 63 Caulet
80%
Toulouse 63 Centre Commercial Purpan Sud
80%
Colomiers Champagne
80%
Colomiers 25, 63 Fontaine
80%
Toulouse Fournier Airbus
80%
Toulouse Jardinerie
80%
Toulouse Jean Petit
80%
Toulouse Lemire
80%
Colomiers 32 Salle Gascogne
80%
Colomiers Stade Bendichou
80%
Colomiers 32 Val d'Aran
80%
Colomiers 25 Bascule - Seycheron
70%
Toulouse 63 Bourriette
70%
Toulouse 45, 63 Chardonnet
70%
Colomiers Max Fischl
70%
Colomiers Morbihan
70%
Colomiers 25 Naurouze
70%
Colomiers Cim, 21, 25 Oratoire
70%
Toulouse Terce Airbus
70%
Toulouse 63 Bisson
60%
Toulouse Casteret
60%
Toulouse 46, 63 Flambère
60%
Aucun quiz correspondant
Distribution des résultats
% des personnes avec chaque résultat
Percentile par nombre de réponses
Votre historique - résultats
Vous n’avez pas pris ce quiz